00406nam a2200109Ia 4500008004100000082001500041100001900056245010300075942000600178952009700184999001500281240331s9999 xx 000 0 und d a303.6bJAY aJayawardena, K 0aEthnic and class conflict in Sri Lanka :bthe emergence of Sinhala-Buddhist conciousness 1883-1983 cL 001040708LaWERCLbWERCLcSSCd2024-03-31l0o 303.6 JAYp4836r2024-03-31w2024-03-31yL c1262d1262